[Event "Karl Mala Memorial op-B 16th"]
[Site "Frankfurt"]
[Date "2013.07.13"]
[Round "5"]
[White "Rittberger, Ruben"]
[Black "Happel, Juergen"]
[Result "1/2-1/2"]
[WhiteElo "1094"]
[BlackElo "1552"]
[PlyCount "62"]
[EventDate "2013.07.11"]
[EventType "swiss"]
[EventRounds "7"]
[EventCountry "GER"]
[SourceTitle "CBM 155 Extra"]
[Source "ChessBase"]
[SourceDate "2013.08.26"]
[SourceVersion "1"]
[SourceVersionDate "2013.08.26"]
[SourceQuality "1"]

1. e4 e5 2. Nf3 Nc6 3. Bb5 d6 4. h3 Bd7 5. Nc3 h6 6. 0-0 Nf6 7. d3 a6 8. Ba4 Na5 9. Bb3 Nxb3 10. axb3 Be7 11. Ne2 0-0 12. Ng3 c5 13. Nh4 Ne8 14. Nhf5 Bxf5 15. Nxf5 Bg5 16. Bxg5 Qxg5 17. Qc1 Qxc1 18. Raxc1 Kh8 19. f4 Rd8 20. Rf3 f6 21. Ne7 Rf7 22. Nf5 Nc7 23. Nh4 Kh7 24. f5 Nb5 25. c3 Rfd7 26. Rd1 Ra8 27. Ra1 b6 28. Rf2 d5 29. exd5 a5 30. Nf3 Nd6 31. Nd2 b5 1/2-1/2

[Event "Karl Mala Memorial op-B 16th"]
[Site "Frankfurt"]
[Date "2013.07.11"]
[Round "1"]
[White "Rittberger, Ruben"]
[Black "Reinecke, Katharina"]
[Result "1/2-1/2"]
[WhiteElo "1094"]
[BlackElo "1608"]
[PlyCount "81"]
[EventDate "2013.07.11"]
[EventType "swiss"]
[EventRounds "7"]
[EventCountry "GER"]
[SourceTitle "CBM 155 Extra"]
[Source "ChessBase"]
[SourceDate "2013.08.26"]
[SourceVersion "1"]
[SourceVersionDate "2013.08.26"]
[SourceQuality "1"]

1. e4 c6 2. Nf3 d5 3. Nc3 Bg4 4. Be2 e6 5. d4 Nd7 6. a3 c5 7. 0-0 cxd4 8. Qxd4 dxe4 9. Nxe4 Qc7 10. Rd1 a6 11. h3 Bf5 12. Bf4 Qc6 13. Nd6+ Bxd6 14. Bxd6 Ngf6 15. c3 Qe4 16. Qxe4 Nxe4 17. Be5 Nxe5 18. Nxe5 0-0 19. Bd3 Rad8 20. g4 Bxg4 21. hxg4 Nc5 22. Bc2 f6 23. Nf3 b6 24. b4 Nb7 25. Be4 Nd6 26. Bd3 b5 27. Rd2 Nf7 28. Rad1 Rc8 29. Rc2 Rfd8 30. Be2 Re8 31. c4 Rc7 32. Rcc1 Rec8 33. c5 Re8 34. Rd2 e5 35. Rcd1 g6 36. Rd7 Rcc8 37. Bd3 e4 38. Bxe4 Rxe4 39. Re1 Rxg4+ 40. Kf1 Rf4 41. Ree7 1/2-1/2